Missing Word: Zach Galifianakis Quiz Stats

 Plays Quiz Updated Jan 29, 2018

Challenge
Share
Tweet
Embed
Score 0/20 Timer 02:00
0 Plays Today
Movie Title Missing Word % Correct
Puss in _____*Boots
95.8%
What _____ in VegasHappens
92.9%
_____ Up with the JonesesKeeping
89.1%
Muppets Most _____Wanted
85.8%
Up in the _____Air
78.7%
_____ for SchmucksDinner
77.1%
The LEGO _____ Movie*Batman
75.4%
The _____ Part II Hangover
73.1%
_____ the WildInto
64.7%
_____ or (The Unexpected Virtue of Ignorance)Birdman
59.5%
Movie Title Missing Word % Correct
Bubble _____Boy
59.3%
G-_____Force
56.4%
It's Kind of a _____ StoryFunny
43.5%
_____ RomanoCorky
39%
_____ DateDue
34.5%
Little _____, Strange PondFish
31.4%
Tim and Eric's Billion Dollar _____Movie
26.5%
_____ in RevoltYouth
25.3%
_____ ColdOut
21%
Are You _____Here
14.7%

Today's Daily Dose

You're not logged in!

Compare scores with friends on all Sporcle quizzes.
OR
Log In

You Might Also Like...

Show Comments

Extras

Top Quizzes Today


Score Distribution

Your Account Isn't Verified!

In order to create a playlist on Sporcle, you need to verify the email address you used during registration. Go to your Sporcle Settings to finish the process.

Report this User

Report this user for behavior that violates our Community Guidelines.

Details: